ბათუმის შოთა რუსთაველის სახელმწიფო უნივერსიტეტის ბიბლიოთეკა

Архитектор макроэкономики: Джон Мейнард Кейнс и его макроэкономическая теория. (ბიბ.ჩანაწერი № 37169)

000 -LEADER
fixed length control field 00899nam a2200253Ia 4500
001 - CONTROL NUMBER
control field 3125
003 - CONTROL NUMBER IDENTIFIER
control field GE_BSU
008 - FIXED-LENGTH DATA ELEMENTS--GENERAL INFORMATION
fixed length control field 181216s||||||||xx |||||||||||||| ||und||
020 ## - INTERNATIONAL STANDARD BOOK NUMBER
International Standard Book Number 5222001342
040 ## - CATALOGING SOURCE
Transcribing agency GE_BSU
080 ## - UNIVERSAL DECIMAL CLASSIFICATION NUMBER
Universal Decimal Classification number 330.1
100 ## - MAIN ENTRY--PERSONAL NAME
Personal name АВТ колл.: Г. Пайда, О, Мамедов,Ж.Адилова О Германова.
245 ## - TITLE STATEMENT
Title Архитектор макроэкономики: Джон Мейнард Кейнс и его макроэкономическая теория.
245 ## - TITLE STATEMENT
Remainder of title Библиотека экономических спецкурсов.
260 ## - PUBLICATION, DISTRIBUTION, ETC.
Place of publication, distribution, etc. Ростов-На-Дону
260 ## - PUBLICATION, DISTRIBUTION, ETC.
Name of publisher, distributor, etc. Феникс
260 ## - PUBLICATION, DISTRIBUTION, ETC.
Date of publication, distribution, etc. 2007
300 ## - PHYSICAL DESCRIPTION
Extent 256 ст. 20см.
653 ## - INDEX TERM--UNCONTROLLED
Uncontrolled term Архитектор макроэкономики
653 ## - INDEX TERM--UNCONTROLLED
Uncontrolled term Экономика
653 ## - INDEX TERM--UNCONTROLLED
Uncontrolled term ეკონომიკა
942 ## - ADDED ENTRY ELEMENTS (KOHA)
Koha item type წიგნი
ეგზემპლარები
Withdrawn status Lost status Damaged status Not for loan Date acquired Barcode Date last seen Price effective from Koha item type Public note
        2018-12-17 7827 2018-12-17 2018-12-17 წიგნი დარბაზი
        2018-12-17 7828 2018-12-17 2018-12-17 წიგნი დარდაზი
        2018-12-17 8277 2018-12-17 2018-12-17 წიგნი დარბაზი
        2018-12-17 8278 2018-12-17 2018-12-17 წიგნი დარბაზი
        2018-12-17 8279 2018-12-17 2018-12-17 წიგნი დარბაზი
        2018-12-17 8280 2018-12-17 2018-12-17 წიგნი დარბაზი
        2018-12-17 8281 2018-12-17 2018-12-17 წიგნი დარბაზი
        2018-12-17 8282 2018-12-17 2018-12-17 წიგნი დარბაზი
        2018-12-17 8283 2018-12-17 2018-12-17 წიგნი დარბაზი
        2018-12-17 8284 2018-12-17 2018-12-17 წიგნი დარბაზი